000 00282nam a2200109Ia 4500
008 200302s9999 xx 000 0 und d
100 _aRajshree Ranawat
245 _aHistory Reconstrued Through Literature
260 _bSarup Book Publishers Pvt. Ltd
260 _c2017
300 _a314
999 _c7238
_d7238